00405nam a2200157Ia 45000010006000000050017000060080041000230410008000640820021000721000025000932450076001182600009001943000028002036500008002316540008002391086120260306161903.0260306t2003||||xx |||||||||||||| ||spa|| aESP a980.03bB47 T. 3 aBethell, LeslieeAUT 0aHistoria de América Latina:b3. América Latina Colonial: economía c2003 a416 páginas :c23 cm. aGEN aCHU